000 00664nas a2200229 4500
001 BR9213114
003 BR-BrBNA
005 20231205095216.0
007 ta
008 230509b bl.|||p| |||| 00| 00por d
040 _aBR-BrBNA
_bpor
_cBiblioteca Nacional de Agricultura
041 _a(Pt)
072 _aN01
100 1 _aSganzerla, E.
245 1 _aPlasticultura: a fascinante arte de cultivar com os plasticos
650 _aReservatorio de Agua
650 _aPlastico
650 _aPratico
773 0 _tProdutor de Leite (Brazil)
_x
_g(Sep-Oct 1990), v. 20(122) p. 12-22
_wBR9213114
909 _a202311
_bLúcia
_c55
_dLúcia Elande
942 _2AGRIS
_n0
_cANA
999 _c149320
_d149320